|
|
|
|
| LEADER |
00000naa2a2200000 4500 |
| 001 |
627179 |
| 005 |
20231102024245.0 |
| 035 |
|
|
|a (RuTPU)RU\TPU\conf\26890
|
| 035 |
|
|
|a RU\TPU\conf\26889
|
| 090 |
|
|
|a 627179
|
| 100 |
|
|
|a 20180820d2018 k y0rusy50 ca
|
| 101 |
0 |
|
|a rus
|
| 102 |
|
|
|a RU
|
| 105 |
|
|
|a y z 101zy
|
| 135 |
|
|
|a drgn ---uucaa
|
| 181 |
|
0 |
|a i
|
| 182 |
|
0 |
|a b
|
| 200 |
1 |
|
|a Влияние способа обработки жидкого стекла на распределение порошков-модификаторов при производстве сварочных электродов
|f С. В. Макаров, Д. А. Чинахов
|
| 203 |
|
|
|a Текст
|c электронный
|
| 225 |
1 |
|
|a Инновационные технологии получения и контроля неразъемных соединений в машиностроении
|
| 230 |
|
|
|a 1 компьютерный файл (pdf; 284 Kb)
|
| 300 |
|
|
|a Заглавие с экрана
|
| 320 |
|
|
|a [Библиогр.: с. 14 (10 назв.)]
|
| 330 |
|
|
|a В статье рассмотрены способы обработки жидкого стекла, имеющего в своём составе ультрадисперсные порошки-модификаторы. Сравнение проводилось для двух методик - с использованием планетарной шаровой мельницы и механокавитационной установки активаторного типа. Установлено, что обработка жидкого стекла и ультрадисперсных порошков на планетарной шаровой мельнице приводит к образованию большого числа агломератов. При использовании механокавитационной установки наблюдается диаметрально противоположная ситуация - порошки-модификаторы распределены равномерно во всём объёме жидкого стекла.
|
| 463 |
|
0 |
|0 (RuTPU)RU\TPU\conf\26327
|t Инновационные технологии в машиностроении
|o сборник трудов IX Международной научно-практической конференции, 24–26 мая 2018 г., Юрга
|f Национальный исследовательский Томский политехнический университет (ТПУ), Юргинский технологический институт (ЮТИ) ; под ред. Д. А. Чинахова
|v [С. 11-14]
|d 2018
|
| 610 |
1 |
|
|a электронный ресурс
|
| 610 |
1 |
|
|a труды учёных ТПУ
|
| 610 |
1 |
|
|a ультрадисперсные порошки
|
| 610 |
1 |
|
|a обработка
|
| 610 |
1 |
|
|a жидкие стекла
|
| 610 |
1 |
|
|a распределение
|
| 610 |
1 |
|
|a порошки
|
| 610 |
1 |
|
|a модификаторы
|
| 610 |
1 |
|
|a производство
|
| 610 |
1 |
|
|a сварочные электроды
|
| 700 |
|
1 |
|a Макаров
|b С. В.
|c химик-технолог
|c ассистент Юргинского технологического института Томского политехнического университета
|f 1988-
|g Сергей Викторович
|2 stltpush
|3 (RuTPU)RU\TPU\pers\32347
|
| 701 |
|
1 |
|a Чинахов
|b Д. А.
|c специалист в области сварочного производства
|c доцент Юргинского технологического института (филиала) Томского политехнического университета
|f 1973-
|g Дмитрий Анатольевич
|2 stltpush
|3 (RuTPU)RU\TPU\pers\24212
|9 10706
|
| 712 |
0 |
2 |
|a Национальный исследовательский Томский политехнический университет (ТПУ)
|b Юргинский технологический институт (филиал) (ЮТИ)
|b Кафедра информационных систем (ИС)
|h 1492
|2 stltpush
|3 (RuTPU)RU\TPU\col\18893
|
| 712 |
0 |
2 |
|a Национальный исследовательский Томский политехнический университет (ТПУ)
|b Юргинский технологический институт (филиал) (ЮТИ)
|b Кафедра сварочного производства (КСП)
|h 355
|2 stltpush
|3 (RuTPU)RU\TPU\col\18891
|
| 801 |
|
2 |
|a RU
|b 63413507
|c 20180824
|g RCR
|
| 856 |
4 |
|
|u http://earchive.tpu.ru/handle/11683/50122
|
| 942 |
|
|
|c BK
|